"Big 4" Bands of Metal Subgenres - Statistics

General Stats
  • This quiz has been taken 114 times
  • The average score is 24 of 72
Answer Stats
Genre # Answer % Correct
Thrash Metal 1 Metallica
96%
Thrash Metal 2 Megadeth
89%
Thrash Metal 3 Slayer
89%
Thrash Metal 4 Anthrax
82%
Nu Metal 1 Korn
78%
Death Metal 1 Death
76%
Traditional Metal 3 Black Sabbath
71%
New Wave 1 Slipknot
71%
Traditional Metal 1 Iron Maiden
70%
Nu Metal 4 Limp Bizkit
68%
Nu Metal 2 Linkin Park
66%
Death Metal 2 Cannibal Corpse
65%
Traditional Metal 2 Judas Priest
62%
Black Metal 1 Mayhem
61%
Nu Metal 3 System of a Down
59%
Hair Metal 1 Motley Crue
56%
Industrial Metal 2 Rammstein
56%
Goth Metal 1 Type O Negative
56%
Grindcore 1 Napalm Death
49%
Prog Metal 1 Dream Theater
47%
Djent 1 Meshuggah
46%
Prog Metal 2 Opeth
43%
Hair Metal 3 Poison
42%
Power Metal 1 Helloween
41%
Death Metal 3 Morbid Angel
39%
Doom Metal 1 Candlemass
38%
Black Metal 3 Darkthrone
34%
Symphonic Metal 1 Nightwish
34%
Power Metal 4 DragonForce
30%
Black Metal 2 Emperor
30%
New Wave 2 Avenged Sevenfold
29%
Power Metal 3 Blind Guardian
28%
Modern Metalcore 1 Bring Me the Horizon
28%
Metalcore 1 Killswitch Engage
28%
Industrial Metal 1 Nine Inch Nails
27%
Power Metal 2 Sabaton
27%
Hair Metal 2 Def Leppard
25%
Hair Metal 4 Twisted Sister
25%
New Wave 3 Lamb of God
24%
Deathcore 2 Suicide Silence
24%
Doom Metal 4 Electric Wizard
22%
Industrial Metal 4 Fear Factory
22%
Grindcore 2 Pig Destroyer
20%
Traditional Metal 4 Ozzy Osbourne
19%
Prog Metal 3 Queensryche
19%
Metalcore 2 Converge
18%
Industrial Metal 3 Ministry
18%
Djent 2 Periphery
18%
Deathcore 1 Whitechapel
18%
Metalcore 4 As I Lay Dying
15%
Djent 3 Animals As Leaders
13%
Doom Metal 2 My Dying Bride
13%
New Wave 4 Trivium
13%
Modern Metalcore 2 Architects
10%
Doom Metal 3 Paradise Lost
10%
Prog Metal 4 Between the Buried and Me
9%
Goth Metal 3 Cradle of Filth
9%
Goth Metal 4 Lacuna Coil
9%
Modern Metalcore 4 Parkway Drive
9%
Djent 4 TesseracT
9%
Metalcore 3 The Dillinger Escape Plan
9%
Symphonic Metal 2 Within Temptation
9%
Goth Metal 2 HIM
8%
Deathcore 3 Thy Art Is Murder
8%
Black Metal 4 Enslaved
6%
Deathcore 4 Job for a Cowboy
6%
Death Metal 4 The Black Dahlia Murder
4%
Symphonic Metal 3 Fleshgod Apocalypse
3%
Grindcore 4 Nasum
3%
Symphonic Metal 4 Apocalyptica
1%
Grindcore 3 Rotten Sound
0%
Modern Metalcore 3 Underoath
0%
No matching quizzes found
Score Distribution
Percent of People with Each Score
Percentile by Number Answered
Your Score History
You have not taken this quiz